[Event "Blitz 2018"]
[Site "Saint-Petersburg"]
[Date "2018.12.29"]
[Round "6"]
[Board "13"]
[White "Paravyan David (RUS)"]
[Black "Andreikin Dmitry (RUS)"]
[Result "0-1"]
[LiveChessVersion "1.4.8"]
[BlackElo "2777"]
[WhiteElo "2629"]

1. d4 {[%clk 0:03:03]} g6 {[%clk 0:03:03]} 2. Nf3 {[%clk 0:03:04]} d6
{[%clk 0:03:03]} 3. g3 {[%clk 0:03:04]} Bg7 {[%clk 0:03:03]} 4. Bg2
{[%clk 0:03:05]} Nf6 {[%clk 0:03:03]} 5. O-O {[%clk 0:03:06]} O-O
{[%clk 0:03:03]} 6. Re1 {[%clk 0:03:07]} Nc6 {[%clk 0:02:59]} 7. d5
{[%clk 0:03:02]} Nb8 {[%clk 0:02:56]} 8. c4 {[%clk 0:03:03]} a5 {[%clk 0:02:50]}
9. Nc3 {[%clk 0:02:54]} Na6 {[%clk 0:02:51]} 10. e4 {[%clk 0:02:52]} Bg4
{[%clk 0:02:51]} 11. h3 {[%clk 0:02:50]} Bxf3 {[%clk 0:02:51]} 12. Bxf3
{[%clk 0:02:51]} Nd7 {[%clk 0:02:49]} 13. Be3 {[%clk 0:02:39]} c6
{[%clk 0:02:50]} 14. Bg2 {[%clk 0:02:33]} Nac5 {[%clk 0:02:48]} 15. Qe2
{[%clk 0:02:20]} a4 {[%clk 0:02:46]} 16. Rac1 {[%clk 0:02:18]} Qa5
{[%clk 0:02:45]} 17. a3 {[%clk 0:01:35]} Nb3 {[%clk 0:02:42]} 18. Rcd1
{[%clk 0:01:26]} Bxc3 {[%clk 0:02:38]} 19. bxc3 {[%clk 0:01:27]} Qxc3
{[%clk 0:02:38]} 20. f4 {[%clk 0:01:01]} c5 {[%clk 0:02:26]} 21. Bf2
{[%clk 0:00:58]} Nd4 {[%clk 0:02:22]} 22. Qd3 {[%clk 0:00:42]} Qxd3
{[%clk 0:02:01]} 23. Rxd3 {[%clk 0:00:43]} Rfb8 {[%clk 0:02:02]} 24. e5
{[%clk 0:00:33]} b5 {[%clk 0:01:59]} 25. cxb5 {[%clk 0:00:33]} Rxb5
{[%clk 0:01:54]} 26. Bxd4 {[%clk 0:00:32]} cxd4 {[%clk 0:01:54]} 27. Rxd4
{[%clk 0:00:23]} Rb3 {[%clk 0:01:54]} 28. Rb4 {[%clk 0:00:13]} Nc5
{[%clk 0:01:53]} 29. Ra1 {[%clk 0:00:07]} Rxg3 {[%clk 0:01:48]} 30. Rb6
{[%clk 0:00:08]} Ra6 {[%clk 0:01:39]} 31. Rxa6 {[%clk 0:00:05]} Nxa6
{[%clk 0:01:40]} 32. Kf2 {[%clk 0:00:06]} Rc3 {[%clk 0:01:37]} 33. Bf1
{[%clk 0:00:05]} Nc5 {[%clk 0:01:38]} 34. h4 {[%clk 0:00:03]} Kg7
{[%clk 0:01:32]} 35. Be2 {[%clk 0:00:00]} 0-1

[Event "Blitz 2018"]
[Site "Saint-Petersburg"]
[Date "2018.12.29"]
[Round "6"]
[Board "15"]
[White "Karjakin Sergey (RUS)"]
[Black "Riazantsev Alexander (RUS)"]
[Result "1/2-1/2"]
[LiveChessVersion "1.4.8"]
[BlackElo "2633"]
[WhiteElo "2759"]

1. b3 {[%clk 0:03:03]} e5 {[%clk 0:02:57]} 2. Bb2 {[%clk 0:03:04]} Nc6
{[%clk 0:02:56]} 3. e3 {[%clk 0:03:05]} Nf6 {[%clk 0:02:58]} 4. Bb5
{[%clk 0:03:04]} Bd6 {[%clk 0:02:55]} 5. Na3 {[%clk 0:03:00]} Na5
{[%clk 0:02:46]} 6. Be2 {[%clk 0:02:59]} a6 {[%clk 0:02:40]} 7. c4
{[%clk 0:02:47]} O-O {[%clk 0:02:38]} 8. Nb1 {[%clk 0:02:23]} Re8
{[%clk 0:02:11]} 9. Nc3 {[%clk 0:02:20]} Nc6 {[%clk 0:02:08]} 10. d3
{[%clk 0:02:18]} Bf8 {[%clk 0:01:54]} 11. Nf3 {[%clk 0:02:17]} d5
{[%clk 0:01:55]} 12. cxd5 {[%clk 0:02:18]} Nxd5 {[%clk 0:01:56]} 13. O-O
{[%clk 0:02:15]} Nxc3 {[%clk 0:01:55]} 14. Bxc3 {[%clk 0:02:15]} Bf5
{[%clk 0:01:54]} 15. a3 {[%clk 0:02:11]} Qd7 {[%clk 0:01:52]} 16. Qc2
{[%clk 0:02:11]} a5 {[%clk 0:01:37]} 17. Rfd1 {[%clk 0:02:10]} h6
{[%clk 0:01:37]} 18. Qb2 {[%clk 0:02:09]} Qe7 {[%clk 0:01:16]} 19. h3 Rad8 20. b4
{[%clk 0:01:29]} axb4 {[%clk 0:01:19]} 21. axb4 {[%clk 0:01:30]} Nxb4
{[%clk 0:01:17]} 22. e4 {[%clk 0:01:30]} Bd7 {[%clk 0:00:59]} 23. Nxe5
{[%clk 0:01:24]} Nc6 {[%clk 0:01:01]} 24. Nxd7 {[%clk 0:01:18]} Qxd7
{[%clk 0:01:02]} 25. Bg4 {[%clk 0:00:53]} Qd6 {[%clk 0:01:03]} 26. Qxb7
{[%clk 0:00:52]} Rb8 {[%clk 0:01:00]} 27. Qa6 {[%clk 0:00:53]} Rb6
{[%clk 0:01:01]} 28. Qc4 {[%clk 0:00:52]} Ne5 {[%clk 0:01:00]} 29. Bxe5
{[%clk 0:00:50]} Qxe5 {[%clk 0:01:00]} 30. d4 {[%clk 0:00:23]} Qxe4
{[%clk 0:00:57]} 31. Qxc7 {[%clk 0:00:24]} Rf6 {[%clk 0:00:56]} 32. Bf3
{[%clk 0:00:20]} Qf5 {[%clk 0:00:50]} 33. Re1 {[%clk 0:00:16]} Rfe6
{[%clk 0:00:33]} 34. Rxe6 {[%clk 0:00:16]} Qxe6 {[%clk 0:00:34]} 35. Qb7
{[%clk 0:00:12]} Bd6 {[%clk 0:00:30]} 36. Rf1 {[%clk 0:00:10]} Qf6
{[%clk 0:00:30]} 37. Qd5 {[%clk 0:00:09]} g6 {[%clk 0:00:29]} 38. g3
{[%clk 0:00:10]} Kg7 {[%clk 0:00:30]} 39. Kg2 {[%clk 0:00:10]} Rd8
{[%clk 0:00:32]} 40. Qe4 {[%clk 0:00:10]} Bc7 {[%clk 0:00:33]} 41. Rd1
{[%clk 0:00:11]} Bb6 {[%clk 0:00:33]} 42. d5 {[%clk 0:00:12]} Qb2
{[%clk 0:00:33]} 43. Be2 {[%clk 0:00:12]} Qf6 {[%clk 0:00:34]} 44. Qf3
{[%clk 0:00:09]} Qe5 {[%clk 0:00:31]} 45. Bc4 {[%clk 0:00:08]} Rd6
{[%clk 0:00:32]} 46. Rd2 {[%clk 0:00:08]} Rf6 {[%clk 0:00:33]} 47. Qd3
{[%clk 0:00:08]} Rd6 {[%clk 0:00:34]} 48. Bb5 {[%clk 0:00:07]} h5
{[%clk 0:00:29]} 49. h4 {[%clk 0:00:08]} Qf6 {[%clk 0:00:29]} 50. Bc6
{[%clk 0:00:08]} Bc5 {[%clk 0:00:28]} 51. Re2 {[%clk 0:00:09]} Rd8
{[%clk 0:00:29]} 52. Qc2 {[%clk 0:00:09]} Bd6 {[%clk 0:00:30]} 53. Re3
{[%clk 0:00:09]} Rb8 {[%clk 0:00:31]} 54. Qe2 {[%clk 0:00:08]} Rb2
{[%clk 0:00:31]} 55. Qf3 {[%clk 0:00:08]} Qxf3+ {[%clk 0:00:32]} 56. Rxf3
{[%clk 0:00:09]} Bc5 {[%clk 0:00:30]} 57. Be8 {[%clk 0:00:09]} f5
{[%clk 0:00:31]} 58. Kf1 {[%clk 0:00:08]} Rb1+ {[%clk 0:00:32]} 59. Kg2
{[%clk 0:00:08]} Rb2 {[%clk 0:00:34]} 60. Rf4 {[%clk 0:00:07]} Kf6
{[%clk 0:00:35]} 61. Rc4 {[%clk 0:00:05]} Rxf2+ {[%clk 0:00:35]} 62. Kh3
{[%clk 0:00:05]} Be3 {[%clk 0:00:34]} 63. Rc6+ {[%clk 0:00:06]} Ke5
{[%clk 0:00:31]} 64. Re6+ {[%clk 0:00:07]} Kd4 {[%clk 0:00:33]} 65. d6
{[%clk 0:00:08]} Rd2 {[%clk 0:00:32]} 66. d7 {[%clk 0:00:09]} 1/2-1/2

[Event "Blitz 2018"]
[Site "Saint-Petersburg"]
[Date "2018.12.29"]
[Round "6"]
[Board "16"]
[White "Giri Anish (NED)"]
[Black "Cheparinov Ivan (GEO)"]
[Result "1/2-1/2"]
[LiveChessVersion "1.4.8"]
[BlackElo "2618"]
[WhiteElo "2751"]

1. e4 {[%clk 0:03:03]} c6 {[%clk 0:03:03]} 2. d4 {[%clk 0:03:04]} d5
{[%clk 0:03:04]} 3. exd5 {[%clk 0:03:05]} cxd5 {[%clk 0:03:05]} 4. Bd3
{[%clk 0:03:05]} Nc6 {[%clk 0:03:05]} 5. c3 {[%clk 0:03:06]} Nf6 {[%clk 0:03:06]}
6. h3 {[%clk 0:03:04]} Qc7 {[%clk 0:02:58]} 7. Nf3 {[%clk 0:02:58]} g6
{[%clk 0:02:55]} 8. O-O {[%clk 0:02:51]} Bf5 {[%clk 0:02:54]} 9. Be2
{[%clk 0:02:50]} Bg7 {[%clk 0:02:50]} 10. Nbd2 {[%clk 0:02:43]} O-O
{[%clk 0:02:50]} 11. a3 {[%clk 0:02:29]} Rad8 {[%clk 0:02:38]} 12. Re1
{[%clk 0:02:29]} Rfe8 {[%clk 0:02:29]} 13. Nf1 {[%clk 0:02:26]} Ne4
{[%clk 0:02:27]} 14. Be3 {[%clk 0:02:25]} a6 {[%clk 0:02:23]} 15. a4
{[%clk 0:02:22]} e5 {[%clk 0:02:22]} 16. dxe5 {[%clk 0:02:21]} Nxe5
{[%clk 0:02:22]} 17. Nxe5 {[%clk 0:02:02]} Bxe5 {[%clk 0:02:22]} 18. Bd4
{[%clk 0:02:02]} h5 {[%clk 0:01:59]} 19. a5 {[%clk 0:01:44]} Rd7 {[%clk 0:01:45]}
20. Bxe5 {[%clk 0:01:38]} Qxe5 {[%clk 0:01:45]} 21. Bf3 {[%clk 0:01:24]} Rde7
{[%clk 0:01:27]} 22. Ra4 {[%clk 0:00:59]} Qb8 {[%clk 0:01:09]} 23. Bxe4
{[%clk 0:00:52]} dxe4 {[%clk 0:01:09]} 24. Qd2 {[%clk 0:00:45]} Qe5
{[%clk 0:01:05]} 25. Ng3 {[%clk 0:00:38]} h4 {[%clk 0:00:58]} 26. Nxf5
{[%clk 0:00:29]} Qxf5 {[%clk 0:00:57]} 27. Qe2 {[%clk 0:00:12]} Re5
{[%clk 0:00:54]} 28. b4 {[%clk 0:00:11]} e3 {[%clk 0:00:52]} 29. fxe3
{[%clk 0:00:07]} Rxe3 {[%clk 0:00:50]} 30. Qxe3 {[%clk 0:00:09]} Rxe3 31. Rxe3
{[%clk 0:00:10]} Qb1+ {[%clk 0:00:41]} 32. Kh2 {[%clk 0:00:11]} Qc1
{[%clk 0:00:19]} 33. Rf3 {[%clk 0:00:10]} Qb2 {[%clk 0:00:20]} 34. Re3
{[%clk 0:00:03]} Qc1 {[%clk 0:00:14]} 35. Rf3 {[%clk 0:00:04]} Qb2
{[%clk 0:00:15]} 36. Re3 {[%clk 0:00:06]} Qc1 {[%clk 0:00:12]} 1/2-1/2

[Event "Blitz 2018"]
[Site "Saint-Petersburg"]
[Date "2018.12.29"]
[Round "6"]
[Board "18"]
[White "Gelfand Boris (ISR)"]
[Black "Abdusattorov Nodirbek (UZB)"]
[Result "1/2-1/2"]
[LiveChessVersion "1.4.8"]
[BlackElo "2469"]
[WhiteElo "2722"]

1. Nf3 {[%clk 0:03:03]} Nf6 2. c4 b6 {[%clk 0:03:01]} 3. g3 {[%clk 0:03:03]} Bb7
{[%clk 0:03:03]} 4. Bg2 {[%clk 0:03:03]} e6 {[%clk 0:03:04]} 5. d4
{[%clk 0:03:04]} Be7 {[%clk 0:03:04]} 6. O-O {[%clk 0:03:04]} O-O
{[%clk 0:03:04]} 7. Nc3 {[%clk 0:03:05]} Ne4 {[%clk 0:03:05]} 8. Bd2
{[%clk 0:03:07]} Bf6 {[%clk 0:03:06]} 9. Re1 {[%clk 0:03:08]} d6 {[%clk 0:02:38]}
10. Ng5 {[%clk 0:03:05]} Bxg5 {[%clk 0:02:07]} 11. Bxg5 {[%clk 0:03:06]} Qxg5
{[%clk 0:02:05]} 12. Nxe4 {[%clk 0:03:07]} Bxe4 {[%clk 0:02:05]} 13. Bxe4
{[%clk 0:03:08]} c6 {[%clk 0:02:04]} 14. Qd3 {[%clk 0:03:06]} d5 {[%clk 0:01:58]}
15. Bg2 {[%clk 0:03:06]} Nd7 {[%clk 0:01:54]} 16. Rac1 {[%clk 0:03:03]} Rfd8
{[%clk 0:01:36]} 17. cxd5 {[%clk 0:02:50]} cxd5 {[%clk 0:01:36]} 18. Rc7
{[%clk 0:02:51]} Nf8 {[%clk 0:01:29]} 19. Rec1 {[%clk 0:02:50]} Rd7
{[%clk 0:01:28]} 20. e3 {[%clk 0:02:39]} Rad8 {[%clk 0:01:24]} 21. Qa6
{[%clk 0:02:30]} Qe7 {[%clk 0:01:02]} 22. Qxa7 {[%clk 0:02:20]} Qb4
{[%clk 0:01:03]} 23. b3 {[%clk 0:02:13]} h5 {[%clk 0:01:01]} 24. h4
{[%clk 0:02:06]} Qd2 {[%clk 0:00:46]} 25. Qxb6 {[%clk 0:01:58]} Qxa2
{[%clk 0:00:46]} 26. Rxd7 {[%clk 0:01:52]} Rxd7 {[%clk 0:00:47]} 27. Rc8
{[%clk 0:01:48]} Qa7 {[%clk 0:00:32]} 28. Qb4 {[%clk 0:01:16]} Re7
{[%clk 0:00:31]} 29. Qd6 {[%clk 0:01:17]} f6 {[%clk 0:00:15]} 30. Bf3
{[%clk 0:01:09]} g6 {[%clk 0:00:11]} 31. b4 {[%clk 0:01:06]} Kg7 {[%clk 0:00:07]}
32. Qd8 {[%clk 0:01:03]} Rf7 33. b5 Qd7 {[%clk 0:00:03]} 34. Qxd7
{[%clk 0:00:57]} Rxd7 {[%clk 0:00:05]} 35. Be2 {[%clk 0:00:54]} Rb7
{[%clk 0:00:05]} 36. Rc6 {[%clk 0:00:54]} Kf7 {[%clk 0:00:06]} 37. Kf1
{[%clk 0:00:53]} Nd7 {[%clk 0:00:07]} 38. Ke1 {[%clk 0:00:52]} Ke7
{[%clk 0:00:08]} 39. Kd2 {[%clk 0:00:52]} f5 {[%clk 0:00:09]} 40. Kc3
{[%clk 0:00:51]} Ra7 {[%clk 0:00:10]} 41. Ra6 {[%clk 0:00:52]} Rc7+
{[%clk 0:00:11]} 42. Kb2 {[%clk 0:00:53]} Rb7 {[%clk 0:00:12]} 43. Kb3
{[%clk 0:00:53]} Rc7 {[%clk 0:00:10]} 44. Ra1 {[%clk 0:00:53]} Nb6
{[%clk 0:00:10]} 45. Bd3 {[%clk 0:00:53]} Nd7 {[%clk 0:00:11]} 46. Kb4
{[%clk 0:00:53]} e5 {[%clk 0:00:07]} 47. dxe5 {[%clk 0:00:42]} Nxe5
{[%clk 0:00:08]} 48. Ra3 {[%clk 0:00:44]} Rc1 {[%clk 0:00:08]} 49. b6
{[%clk 0:00:41]} Kd6 {[%clk 0:00:08]} 50. Kb5 {[%clk 0:00:35]} Nd7
{[%clk 0:00:08]} 51. b7 {[%clk 0:00:24]} Kc7 {[%clk 0:00:09]} 52. Ra6
{[%clk 0:00:26]} Ne5 {[%clk 0:00:05]} 53. Rb6 {[%clk 0:00:23]} Kb8
{[%clk 0:00:04]} 54. Be2 {[%clk 0:00:22]} Rb1+ {[%clk 0:00:05]} 55. Ka5
{[%clk 0:00:17]} Nc4+ {[%clk 0:00:07]} 56. Bxc4 {[%clk 0:00:16]} Rxb6
{[%clk 0:00:08]} 57. Bxd5 {[%clk 0:00:15]} Rb2 {[%clk 0:00:08]} 58. Bf7
{[%clk 0:00:13]} Rxf2 {[%clk 0:00:08]} 59. Bxg6 {[%clk 0:00:14]} Rf3
{[%clk 0:00:09]} 60. Bxh5 {[%clk 0:00:12]} Rxg3 {[%clk 0:00:09]} 61. Kb4
{[%clk 0:00:11]} Rxe3 {[%clk 0:00:09]} 62. Kc5 {[%clk 0:00:10]} f4
{[%clk 0:00:10]} 63. Kd4 {[%clk 0:00:11]} Kxb7 {[%clk 0:00:10]} 64. Bd1
{[%clk 0:00:08]} Kc7 {[%clk 0:00:11]} 65. h5 {[%clk 0:00:09]} Re1
{[%clk 0:00:05]} 66. Bf3 {[%clk 0:00:09]} Re3 {[%clk 0:00:06]} 67. Bd1
{[%clk 0:00:10]} Kd6 {[%clk 0:00:08]} 68. h6 {[%clk 0:00:11]} Rh3
{[%clk 0:00:05]} 69. Ke4 {[%clk 0:00:13]} Rh4 {[%clk 0:00:05]} 70. h7
{[%clk 0:00:12]} Rxh7 {[%clk 0:00:04]} 71. Kxf4 {[%clk 0:00:14]} 1/2-1/2

[Event "Blitz 2018"]
[Site "Saint-Petersburg"]
[Date "2018.12.29"]
[Round "6"]
[Board "19"]
[White "Petrosian Tigran L. (ARM)"]
[Black "Bilguun Sumiya (MGL)"]
[Result "1-0"]
[LiveChessVersion "1.4.8"]
[BlackElo "2469"]
[WhiteElo "2700"]

1. Nf3 {[%clk 0:03:03]} d5 2. g3 c6 3. Bg2 Bg4 {[%clk 0:03:04]} 4. h3
{[%clk 0:03:07]} Bh5 {[%clk 0:03:05]} 5. d3 {[%clk 0:03:09]} Nd7 {[%clk 0:03:04]}
6. O-O {[%clk 0:03:10]} Ngf6 {[%clk 0:03:05]} 7. e3 {[%clk 0:03:09]} e5
{[%clk 0:03:04]} 8. g4 {[%clk 0:02:59]} Bg6 {[%clk 0:03:04]} 9. Nh4
{[%clk 0:02:59]} Ng8 {[%clk 0:02:21]} 10. Nxg6 {[%clk 0:02:55]} hxg6
{[%clk 0:02:22]} 11. c4 {[%clk 0:02:53]} dxc4 {[%clk 0:02:19]} 12. dxc4
{[%clk 0:02:54]} Ngf6 {[%clk 0:02:19]} 13. Nc3 {[%clk 0:02:53]} Qc7
{[%clk 0:02:20]} 14. Rb1 {[%clk 0:02:44]} Be7 {[%clk 0:02:07]} 15. b4
{[%clk 0:02:35]} Rd8 {[%clk 0:02:04]} 16. Qe2 {[%clk 0:02:25]} e4
{[%clk 0:01:53]} 17. Rd1 {[%clk 0:01:58]} Ne5 {[%clk 0:01:41]} 18. Rxd8+
{[%clk 0:01:58]} Bxd8 {[%clk 0:01:42]} 19. g5 {[%clk 0:01:22]} Nh7
{[%clk 0:01:29]} 20. Nxe4 {[%clk 0:01:17]} O-O {[%clk 0:00:47]} 21. f4
{[%clk 0:01:18]} Nd7 {[%clk 0:00:45]} 22. Bb2 {[%clk 0:01:17]} Nb6
{[%clk 0:00:39]} 23. Rd1 {[%clk 0:01:15]} Be7 {[%clk 0:00:39]} 24. Be5
{[%clk 0:01:10]} Qc8 {[%clk 0:00:40]} 25. Nd6 {[%clk 0:00:55]} Bxd6
{[%clk 0:00:40]} 26. Rxd6 {[%clk 0:00:52]} Re8 {[%clk 0:00:37]} 27. h4
{[%clk 0:00:42]} Nf8 {[%clk 0:00:29]} 28. Kh2 {[%clk 0:00:42]} Ne6
{[%clk 0:00:12]} 29. Bh3 {[%clk 0:00:41]} c5 {[%clk 0:00:09]} 30. b5
{[%clk 0:00:42]} Nd7 {[%clk 0:00:09]} 31. Qb2 {[%clk 0:00:17]} Nxe5
{[%clk 0:00:04]} 32. Qxe5 {[%clk 0:00:18]} b6 {[%clk 0:00:04]} 33. Bxe6
{[%clk 0:00:16]} fxe6 {[%clk 0:00:05]} 34. Kg3 {[%clk 0:00:13]} Kh7
{[%clk 0:00:04]} 35. Rc6 {[%clk 0:00:12]} Qd8 {[%clk 0:00:05]} 36. Rd6
{[%clk 0:00:08]} Qe7 {[%clk 0:00:06]} 37. Rd2 {[%clk 0:00:05]} Qf7
{[%clk 0:00:07]} 38. Qe4 {[%clk 0:00:05]} Kg8 {[%clk 0:00:07]} 39. Rd6
{[%clk 0:00:06]} Re7 {[%clk 0:00:06]} 40. Rd8+ {[%clk 0:00:06]} Kh7
{[%clk 0:00:06]} 41. Qa8 {[%clk 0:00:07]} 1-0

[Event "Blitz 2018"]
[Site "Saint-Petersburg"]
[Date "2018.12.29"]
[Round "6"]
[Board "21"]
[White "Tomashevsky Evgeny (RUS)"]
[Black "Kovalenko Igor (LAT)"]
[Result "0-1"]
[LiveChessVersion "1.4.8"]
[BlackElo "2693"]
[WhiteElo "2602"]

1. e4 {[%clk 0:03:03]} d5 {[%clk 0:03:04]} 2. exd5 {[%clk 0:03:02]} Qxd5
{[%clk 0:03:05]} 3. Nf3 {[%clk 0:03:03]} Bg4 {[%clk 0:03:06]} 4. Be2
{[%clk 0:03:02]} Nc6 {[%clk 0:03:07]} 5. c4 {[%clk 0:02:58]} Qf5 {[%clk 0:02:40]}
6. d4 {[%clk 0:02:45]} O-O-O {[%clk 0:02:40]} 7. Be3 {[%clk 0:02:38]} Nf6
{[%clk 0:02:37]} 8. Nbd2 {[%clk 0:02:27]} e6 {[%clk 0:02:28]} 9. h3
{[%clk 0:02:11]} Bxf3 {[%clk 0:02:28]} 10. Nxf3 {[%clk 0:02:11]} Bb4+
{[%clk 0:02:29]} 11. Kf1 {[%clk 0:02:11]} e5 {[%clk 0:01:39]} 12. g4
{[%clk 0:01:46]} Qd7 {[%clk 0:01:09]} 13. dxe5 {[%clk 0:01:42]} Qe6
{[%clk 0:01:02]} 14. Qb3 {[%clk 0:00:45]} Nd7 {[%clk 0:00:54]} 15. c5
{[%clk 0:00:27]} Qxb3 {[%clk 0:00:33]} 16. axb3 {[%clk 0:00:28]} Bxc5
{[%clk 0:00:34]} 17. Bf4 {[%clk 0:00:09]} h6 {[%clk 0:00:25]} 18. Bb5
{[%clk 0:00:09]} Nd4 {[%clk 0:00:19]} 19. Nxd4 {[%clk 0:00:07]} Bxd4
{[%clk 0:00:21]} 20. Kg2 {[%clk 0:00:07]} a6 {[%clk 0:00:18]} 21. Bc4
{[%clk 0:00:08]} Nxe5 {[%clk 0:00:18]} 22. Rad1 {[%clk 0:00:05]} Nxc4
{[%clk 0:00:18]} 23. bxc4 {[%clk 0:00:05]} Bxb2 {[%clk 0:00:18]} 24. Rb1
{[%clk 0:00:06]} Bd4 {[%clk 0:00:16]} 25. Rb3 {[%clk 0:00:06]} Bc5
{[%clk 0:00:17]} 26. Rhb1 {[%clk 0:00:05]} b6 {[%clk 0:00:18]} 27. Be3
{[%clk 0:00:06]} Bxe3 {[%clk 0:00:18]} 28. Rxe3 {[%clk 0:00:07]} Rhe8
{[%clk 0:00:19]} 29. Rf3 {[%clk 0:00:06]} f6 {[%clk 0:00:20]} 30. c5
{[%clk 0:00:07]} Kb7 {[%clk 0:00:19]} 31. Rfb3 {[%clk 0:00:05]} Re6
{[%clk 0:00:20]} 32. cxb6 {[%clk 0:00:06]} Rxb6 {[%clk 0:00:19]} 33. Kf3
{[%clk 0:00:07]} a5 {[%clk 0:00:20]} 34. Ke4 {[%clk 0:00:08]} a4 {[%clk 0:00:20]}
35. Rb4 {[%clk 0:00:06]} a3 {[%clk 0:00:21]} 36. Rxb6+ {[%clk 0:00:06]} cxb6
{[%clk 0:00:22]} 0-1

[Event "Blitz 2018"]
[Site "Saint-Petersburg"]
[Date "2018.12.29"]
[Round "6"]
[Board "22"]
[White "Golubov Saveliy (RUS)"]
[Black "Ponkratov Pavel (RUS)"]
[Result "1-0"]
[LiveChessVersion "1.4.8"]
[BlackElo "2688"]
[WhiteElo "2574"]

1. d4 {[%clk 0:03:03]} e6 {[%clk 0:03:03]} 2. Nf3 {[%clk 0:03:04]} c5
{[%clk 0:03:04]} 3. e3 {[%clk 0:03:04]} Nf6 {[%clk 0:03:04]} 4. Bd3
{[%clk 0:03:06]} Nc6 {[%clk 0:03:04]} 5. O-O {[%clk 0:03:06]} d5 {[%clk 0:03:04]}
6. b3 {[%clk 0:03:07]} Bd6 {[%clk 0:03:04]} 7. Bb2 {[%clk 0:03:07]} cxd4
{[%clk 0:03:01]} 8. exd4 {[%clk 0:03:05]} Qc7 {[%clk 0:03:02]} 9. a3
{[%clk 0:03:02]} O-O {[%clk 0:02:59]} 10. Nbd2 {[%clk 0:03:01]} b6
{[%clk 0:03:00]} 11. Re1 {[%clk 0:03:00]} Bb7 {[%clk 0:02:53]} 12. Ne5
{[%clk 0:02:57]} a5 {[%clk 0:02:46]} 13. f4 {[%clk 0:02:45]} a4 {[%clk 0:02:42]}
14. b4 {[%clk 0:02:46]} Ne7 {[%clk 0:02:42]} 15. Qf3 {[%clk 0:02:36]} h5
{[%clk 0:02:20]} 16. Nf1 {[%clk 0:02:12]} Nf5 {[%clk 0:02:19]} 17. Ng3
{[%clk 0:02:10]} g6 {[%clk 0:02:20]} 18. h3 {[%clk 0:01:29]} Rac8
{[%clk 0:02:20]} 19. Rac1 {[%clk 0:01:29]} Nxg3 {[%clk 0:02:10]} 20. Qxg3
{[%clk 0:01:31]} Ne4 {[%clk 0:02:12]} 21. Bxe4 {[%clk 0:01:20]} dxe4
{[%clk 0:02:13]} 22. Nxg6 {[%clk 0:01:19]} fxg6 {[%clk 0:01:42]} 23. Qxg6+
{[%clk 0:01:20]} Qg7 {[%clk 0:01:43]} 24. Qxe6+ {[%clk 0:01:21]} Kh7
{[%clk 0:01:45]} 25. Qxd6 {[%clk 0:01:19]} Rg8 {[%clk 0:01:37]} 26. Re2
{[%clk 0:01:17]} e3 {[%clk 0:01:38]} 27. Qe5 {[%clk 0:01:15]} Qxe5
{[%clk 0:01:29]} 28. fxe5 {[%clk 0:00:49]} Bf3 {[%clk 0:01:22]} 29. Rce1
{[%clk 0:00:32]} Bxe2 {[%clk 0:01:22]} 30. Rxe2 {[%clk 0:00:33]} Rg3
{[%clk 0:01:21]} 31. d5 {[%clk 0:00:26]} Kg6 {[%clk 0:01:18]} 32. e6
{[%clk 0:00:27]} b5 {[%clk 0:01:15]} 33. Bd4 {[%clk 0:00:26]} Kf5
{[%clk 0:01:12]} 34. Bxe3 {[%clk 0:00:24]} Rgg8 {[%clk 0:01:06]} 35. e7
{[%clk 0:00:18]} Ke5 {[%clk 0:01:05]} 36. Rd2 {[%clk 0:00:11]} Kd6
{[%clk 0:01:05]} 37. Bc5+ {[%clk 0:00:12]} Kd7 {[%clk 0:01:06]} 38. Rd3
{[%clk 0:00:05]} Rg5 {[%clk 0:01:04]} 39. d6 {[%clk 0:00:07]} Rcg8
{[%clk 0:01:05]} 40. Rd2 {[%clk 0:00:03]} Re5 {[%clk 0:01:03]} 41. Rf2
{[%clk 0:00:05]} Re1+ 42. Kh2 Re8 {[%clk 0:01:00]} 43. c4 {[%clk 0:00:03]} bxc4
{[%clk 0:01:00]} 44. Rc2 {[%clk 0:00:04]} Re4 45. b5 Rb8 {[%clk 0:00:58]} 46. b6
{[%clk 0:00:06]} Kc6 {[%clk 0:00:59]} 47. Bb4 {[%clk 0:00:03]} Kd7
{[%clk 0:00:57]} 48. Rf2 {[%clk 0:00:04]} Rxb6 {[%clk 0:00:53]} 49. Rf8
{[%clk 0:00:05]} Rxb4 {[%clk 0:00:30]} 50. axb4 {[%clk 0:00:04]} a3 51. Rd8+
{[%clk 0:00:05]} Kc6 {[%clk 0:00:32]} 52. e8=Q+ {[%clk 0:00:06]} Rxe8
{[%clk 0:00:33]} 53. Rxe8 {[%clk 0:00:07]} c3 {[%clk 0:00:34]} 54. Re3
{[%clk 0:00:06]} c2 {[%clk 0:00:32]} 55. Rc3+ {[%clk 0:00:07]} Kxd6 56. Rxc2 Kd5
1-0

[Event "Blitz 2018"]
[Site "Saint-Petersburg"]
[Date "2018.12.29"]
[Round "6"]
[Board "23"]
[White "Kovalev Vladislav (BLR)"]
[Black "Vallejo Pons Francisco (ESP)"]
[Result "1/2-1/2"]
[LiveChessVersion "1.4.8"]
[BlackElo "2673"]
[WhiteElo "2553"]

1. e4 {[%clk 0:03:03]} e5 {[%clk 0:03:03]} 2. Nf3 {[%clk 0:03:04]} Nc6
{[%clk 0:03:04]} 3. Nc3 {[%clk 0:03:06]} Nf6 {[%clk 0:03:04]} 4. h3
{[%clk 0:03:07]} Bb4 {[%clk 0:02:54]} 5. Bd3 {[%clk 0:03:08]} d6 {[%clk 0:02:54]}
6. a3 {[%clk 0:03:01]} Bc5 {[%clk 0:02:47]} 7. Na4 {[%clk 0:02:56]} Bb6
{[%clk 0:02:47]} 8. b4 {[%clk 0:02:34]} Ne7 {[%clk 0:02:21]} 9. c3
{[%clk 0:02:24]} d5 {[%clk 0:02:07]} 10. Nxb6 {[%clk 0:02:08]} axb6
{[%clk 0:02:08]} 11. Nxe5 {[%clk 0:02:04]} dxe4 {[%clk 0:02:01]} 12. Bc4
{[%clk 0:02:05]} O-O {[%clk 0:01:56]} 13. O-O {[%clk 0:01:54]} Ng6
{[%clk 0:01:44]} 14. d4 {[%clk 0:01:37]} exd3 {[%clk 0:01:40]} 15. Nxg6
{[%clk 0:01:37]} hxg6 {[%clk 0:01:41]} 16. Qxd3 {[%clk 0:01:35]} Qxd3
{[%clk 0:01:26]} 17. Bxd3 {[%clk 0:01:36]} Rd8 {[%clk 0:01:20]} 18. Be2
{[%clk 0:01:21]} Be6 {[%clk 0:01:15]} 19. c4 {[%clk 0:01:09]} Ne4
{[%clk 0:01:16]} 20. Bf4 {[%clk 0:01:01]} c6 {[%clk 0:01:11]} 21. Rfc1
{[%clk 0:00:52]} Nd2 {[%clk 0:01:01]} 22. Ra2 {[%clk 0:00:32]} Nb3
{[%clk 0:00:57]} 23. Rc3 {[%clk 0:00:32]} Nd4 {[%clk 0:00:56]} 24. Bc7
{[%clk 0:00:22]} Nxe2+ {[%clk 0:00:55]} 25. Rxe2 {[%clk 0:00:23]} 1/2-1/2